Hỏi-đáp về đồ gá

Wedi'i Gadw mewn:
Manylion Llyfryddiaeth
Prif Awdur: Trần Đình Phi
Fformat: Llyfr
Iaith:Undetermined
Cyhoeddwyd: Hà Nội Lao động 1977
Pynciau:
Tagiau: Ychwanegu Tag
Dim Tagiau, Byddwch y cyntaf i dagio'r cofnod hwn!
Thư viện lưu trữ: Trung tâm Học liệu Trường Đại học Cần Thơ
LEADER 00458nam a2200169Ia 4500
001 CTU_11727
008 210402s9999 xx 000 0 und d
082 |a 671.5 
082 |b Ph300 
100 |a Trần Đình Phi 
245 0 |a Hỏi-đáp về đồ gá 
245 0 |c Trần Đình Phi 
260 |a Hà Nội 
260 |b Lao động 
260 |c 1977 
650 |a metal-work 
980 |a Trung tâm Học liệu Trường Đại học Cần Thơ